20-長野県の市町村クイズ - Statistics

General Stats
  • This quiz has been taken 2,631 times
    2,465 since last reset
  • The average score is 39 of 77
Answers on the Map
Answers color-coded by a green-red scale on the quiz's map according to % correct below.
 
Answer Stats
Answer % Correct
長野ながの
83%
松本まつもと
79%
上田うえだ
72%
軽井沢かるいざわまち
72%
飯田いいだ
69%
白馬はくばむら
69%
安曇野あづみの
68%
大町おおまち
67%
佐久さく
67%
塩尻しおじり
66%
伊那いな
64%
野沢温泉のざわおんせんむら
64%
小谷おたりむら
63%
諏訪すわ
62%
飯山いいやま
61%
さかえむら
60%
茅野ちの
60%
小諸こもろ
59%
下諏訪しもすわまち
59%
岡谷おかや
58%
立科たてしなまち
57%
千曲ちくま
56%
佐久穂さくほまち
55%
信濃しなのまち
55%
小布施おぶせまち
54%
須坂すざか
54%
富士見ふじみまち
54%
木曽きそまち
53%
駒ヶ根こまがね
53%
東御とうみ
53%
南箕輪みなみみのわむら
53%
北相木きたあいきむら
52%
中野なかの
52%
御代田みよたまち
52%
辰野たつのまち
51%
はらむら
51%
南相木みなみあいきむら
50%
箕輪みのわまち
50%
小海こうみまち
49%
長和ながわまち
49%
南木曽なぎそまち
49%
飯綱いいづなまち
48%
王滝おうたきむら
48%
木祖きそむら
48%
坂城さかきまち
48%
山ノ内やまのうちまち
48%
川上かわかみむら
47%
木島平きじまだいらむら
47%
南牧みなみまきむら
47%
小川おがわむら
46%
大鹿おおしかむら
45%
麻績おみむら
45%
筑北ちくほくむら
45%
天龍てんりゅうむら
45%
青木あおきむら
44%
朝日あさひむら
44%
阿智あちむら
44%
生坂いくさかむら
43%
池田いけだまち
43%
根羽ねばむら
43%
上松あげまつまち
42%
山形やまがたむら
42%
売木うるぎむら
40%
宮田みやだむら
40%
大桑おおくわむら
39%
高山たかやまむら
39%
阿南あなんちょう
38%
松川まつかわむら
37%
平谷ひらやむら
35%
泰阜やすおかむら
35%
松川まつかわまち
33%
飯島いいじままち
32%
下條しもじょうむら
31%
喬木たかぎむら
31%
高森たかもりまち
31%
豊丘とよおかむら
30%
中川なかがわむら
30%
No matching quizzes found
Score Distribution
Percent of People with Each Score
Percentile by Number Answered
Your Score History
You have not taken this quiz since the last reset